Famous Micheals - Statistics

General Stats
  • This quiz has been taken 77 times
  • The average score is 5 of 10
Answer Stats
Hint Answer % Correct
King Of Pop Jackson
98%
MJ Jordan
78%
American Competition Swimmer Phelps
63%
Back To The Future Fox
56%
Austin Powers Myers
48%
Heavyweight Champion Tyson
44%
Beetlejuice Keaton
39%
Grammy Award-winning jazz singer Buble
20%
Dark Knight Caine
20%
The Castle Caton
6%
No matching quizzes found
Score Distribution
Percent of People with Each Score
Percentile by Number Answered
Your Score History
You have not taken this quiz